Trnka ohlásil vyššie platy. Zavládlo dusno v zariadeniach nedostali pridané všetci

Bibliographic Details
Main Author: Danková, Elena (Author)
Format: Article
Language:Slovak
PhysicalDescription:Fotografie
ISSN:2585-7355
Subjects:
Online Access:https://kosice.korzar.sme.sk/c/23534154/trnka-ohlasil-vyssie-platy-v-krajskych-socialnych-zariadeniach-pridane-nedostali-vsetci.html

MARC

LEADER 00000nab a2200000u 4500
001 vtls012282177
003 SK-MaSNL
005 20260304214258.0
008 250903|20250825xo ||||||| || ||slo|
038 |a KEVKJB 
040 |a KEVKJB  |b slo  |e rda 
041 0 |a slo 
043 |a e-xo--- 
044 |a xo  |c SK 
072 7 |a 364-1/-7  |x Druhy sociálnej pomoci a služieb  |2 konspekt 
080 |a 364-7  |2 2011 
100 1 |a Danková, Elena  |4 aut  |9 1089718 
245 1 0 |a Trnka ohlásil vyššie platy. Zavládlo dusno  |b v zariadeniach nedostali pridané všetci  |c Elena Danková 
300 |b Fotografie 
336 |a text  |b txt  |2 rdacontent 
337 |a bez média  |b n  |2 rdamedia 
338 |a zväzok  |b nc  |2 rdacarrier 
610 2 7 |a Košický samosprávny kraj (Slovensko).  |b Úrad  |2 SNKKA  |9 30611 
650 0 7 |a sociálne služby  |2 SNKPH  |9 3721 
650 0 7 |a zariadenia sociálnych služieb  |2 kevkjb  |9 332807 
650 0 7 |a zamestnanci  |2 SNKPH  |9 16311 
651 7 |a Košice (Slovensko)  |2 SNKPHgeo  |9 18694 
651 7 |a Košický samosprávny kraj (Slovensko)  |2 SNKPHgeo  |9 195425 
773 0 |t Korzár - SME  |g Roč. XXVIII., č. 163 (25.8.2025), s. 4  |x 2585-7355 
852 |a KEVKJB  |b KIS3GCP 
856 4 1 |u https://kosice.korzar.sme.sk/c/23534154/trnka-ohlasil-vyssie-platy-v-krajskych-socialnych-zariadeniach-pridane-nedostali-vsetci.html 
999 |c 3140507  |d 3142437